Samagra vikasana padhathi roopikaranavum vibhava samaharanavum (Record no. 44030)

MARC details
000 -LEADER
fixed length control field 00301nam a2200109Ia 4500
082 ## - DEWEY DECIMAL CLASSIFICATION NUMBER
Classification number 338.2
Item number MOH
100 ## - MAIN ENTRY--AUTHOR NAME
Personal name Mohanakumar, S
245 #0 - TITLE STATEMENT
Title Samagra vikasana padhathi roopikaranavum vibhava samaharanavum
260 ## - PUBLICATION, DISTRIBUTION, ETC. (IMPRINT)
Place of publication Trhissur
Name of publisher KILA
Year of publication 2002
942 ## - ADDED ENTRY ELEMENTS (KOHA)
Koha item type Books
Holdings
Withdrawn status Lost status Damaged status Not for loan Home library Current library Date acquired Source of acquisition Full call number Accession Number Koha item type
        RRII Library RRII Library 16/12/2021 Gift 338.2 MOH G00778 Books